000 01411nam0a22003251 4500
001 v19\rc\1921037
005 20251118180644.8
035 _a(NLR Aleph) 005007771
090 _a6454723
_c6454723
100 _a20080404d1912 u y0rusy50 ca
101 1 _arus
_ceng
102 _aRU
105 _ay z |||a|
200 1 _aСбежавший жених и др. юмористические рассказы
_fУ. Джекобс
_gПер. с англ. М. Травиной
210 _aМосква
_c"Звезда" Н. Орфенов
_d[1912]
215 _a64 с.
_d16
225 1 _aПопулярная библиотека
_v№ 10
327 0 _aСодержание: Сбежавший жених; Глава семьи; Отмененный приговор
464 0 _12001#$aСбежавший жених$aГлава семьи$aОтмененный приговор
_tОтмененный приговор
532 1 2 _aСбежавший жених и другие юмористические рассказы
700 1 _7ca
_8rus
_aДжейкобс
_bУ. У.
_f1863-1943
_gУильям Уаймарк
_9258354
_3RU\NLR\AUTH\770258410
702 1 _aТравина
_bМ.
_4730
801 0 _aRU
_bNLR
_gpsbo
801 0 _aRU
_bRuMoRGB
_2psbo
801 1 _aRU
_bProSoft-M
_2rusmarc
852 _aNLR
_j37.34.10.1(№ 10)
899 _aRuMoRGB
_jРб 10/4201
942 _cBOOK
980 _aNB